000 00606cam a22002053a 4500
001 44319
003 PGUSA
005 20140828084018.0
008 131201s2013||||xxu|||||s|||||000 | eng d
040 _aPGUSA
_beng
042 _adc
100 1 _aMunsell, Ida Hamilton
245 1 0 _aMiss Heck's Thanksgiving Party ;
_bor, Topsy Up To Date
_h[electronic resource] /
_cIda Hamilton Munsell
260 _bProject Gutenberg,
_c2013
506 _aPublic domain in the USA.
516 _aElectronic text
830 0 _aProject Gutenberg
_v44319
856 4 0 _uhttp://www.gutenberg.org/ebooks/44319
942 _cEB
999 _c273570
_d273570